000 00882nam a2200217Ia 4500
005 20250108125148.0
008 008 250107s9999 xx 000 0 hin d
037 _aTB
040 _aCRL
_bhin
_cCRL
041 _ahin
_2hin
084 _aΔ P3.1-.16(RR)
084 _qCRL
100 _aशंकर प्रसाद, ले.
245 0 _aतपती धूप के साये: सांस्कृतिक यात्रा का द्वितीय खण्ड
_cशंकर प्रसाद, ले.
260 _aपटना, भारत
_bबिहार हिन्दी साहित्य सम्मेलन
_c3509
300 _a159पृ0
365 _aINR
_b4760
650 _aहिन्दी निबंधहिन्दी साहित्य
_9729733
942 _cTB
_hΔ P3.1-.16(RR)
999 _c1235897
_d1235897